000 00479nam a2200169Ia 4500
005 20240731035858.0
008 240331s9999 xx 000 0 und d
020 _a8120810473
082 _a294
_bBON
100 _aBond, G.D
245 4 _aThe Buddhist revival in Sri Lanka :
_breligious Ttradition ,reinterpretion and response
260 _aNew Delhi
_bMotilal Banarsidass publishers
_c1992
300 _aix, 322 p .,
650 _aReligion
650 _aTraditional
942 _cL
999 _c882
_d882